Ocenění synergických efektů na samostatné bázi
Synergický efekt a jeho ocenenie. Zdroje synergických efektov. Identifikácia, analýza a ocenenie jednotlivých zdrojov synergií.
Gespeichert in:
| 1. Verfasser: | |
|---|---|
| Weitere Verfasser: | |
| Format: | Buchkapitel |
| Sprache: | Tschechisch |
| Schlagworte: | |
| Tags: |
Keine Tags, Fügen Sie das erste Tag hinzu!
|
MARC
| LEADER | 00000naa$a2200000$$$4500 | ||
|---|---|---|---|
| 001 | 0054667 | ||
| 005 | 20231116103737.8 | ||
| 041 | 0 | |a cze | |
| 044 | |a CZ | ||
| 245 | 1 | 0 | |a Ocenění synergických efektů na samostatné bázi |c Tomáš Mergl, Petr Marek |
| 520 | |a Synergický efekt a jeho ocenenie. Zdroje synergických efektov. Identifikácia, analýza a ocenenie jednotlivých zdrojov synergií. | ||
| 610 | 2 | 0 | |a synergia |
| 610 | 2 | 0 | |a oceňovanie |
| 610 | 2 | 0 | |a hodnota podniku |
| 610 | 2 | 0 | |a investície |
| 610 | 2 | 0 | |a tržby |
| 610 | 2 | 0 | |a cash flow |
| 610 | 2 | 0 | |a štruktúra kapitálová |
| 100 | 1 | |a Mergl, Tomáš | |
| 700 | 1 | |a Marek, Petr | |